[Event "Danish Club Cup 2021"]
[Site "Koge"]
[Date "2021.06.25"]
[Round "1.1"]
[White "Hillarp Persson, Tiger"]
[Black "Hector, Jonny"]
[Result "1-0"]
[WhiteElo "2538"]
[BlackElo "2485"]
[EventDate "2021.06.25"]
[EventType "team-tourn"]
[EventRounds "5"]
[EventCountry "DEN"]
[WhiteTeam "Bronshoj"]
[BlackTeam "Nordkalotten"]

1. c4  e5
 2. e3  Nf6  3. Nc3  Be7  4. Nf3  d6  5. d4
 Nbd7  6. Bd3  O-O  7. O-O  Re8  8. h3  Bf8  9. e4  exd4  10. Nxd4  Nc5  11. Re1  Nxd3  12.
Qxd3  Nd7  13. b3  g6  14. Bb2  Bg7  15. Rad1 
a5  16. Qd2  Nc5  17. Nf3  b6  18. e5  Bb7  19. exd6  Qxd6  20. Qxd6 
cxd6  21. Rxe8+  Rxe8  22. Nd4
 Ne6  23. Ncb5  Bf8  24. Nc2  Nf4  25. Ne3 
Ne2+  26. Kh2  f5  27. Nxd6  Re7  28. Nxb7  Rxb7  29. Nd5  Bh6  30. g3 
f4  31. Kg2  a4  32. Kf3  axb3  33. axb3  Ra7  34. Re1  fxg3  35. Rxe2  gxf2  36. Kxf2  Kf7  37. Kf3
 Rd7  38. Ke4  Rd6  39. Rf2+  Ke8  40. Rf6 
 1-0

[Event "Danish Club Cup 2021"]
[Site "Koge"]
[Date "2021.06.25"]
[Round "1.2"]
[White "Brynell, Stellan"]
[Black "Vasli, Aref"]
[Result "1/2-1/2"]
[WhiteElo "2419"]
[BlackElo "2384"]
[EventDate "2021.06.25"]
[EventType "team-tourn"]
[EventRounds "5"]
[EventCountry "DEN"]
[WhiteTeam "Nordkalotten"]
[BlackTeam "Bronshoj"]

1. e4  e5  2. Nf3  Nc6  3. Bb5  a6  4. Bxc6  dxc6  5. O-O  Qf6  6. d4  exd4  7. Bg5  Qd6  8. Nxd4  Bd7  9. Nc3  Be7  10.
Be3  O-O-O  11. Qe2  Nh6  12. f3  Qg6  13. Rad1  Rhe8  14. Qf2  Bd6  15.
Nde2  Kb8  16. Nf4  Qf6  17. Nd3  Bc8  18. Rfe1  Qg6  19. Nf4  Qf6  20. Nd3  Qg6  21. Nf4 
 1/2-1/2

[Event "Danish Club Cup 2021"]
[Site "Koge"]
[Date "2021.06.25"]
[Round "1.4"]
[White "Sylvan, Jacob"]
[Black "Laursen, Niels Norskov"]
[Result "1-0"]
[WhiteElo "2313"]
[BlackElo "2228"]
[EventDate "2021.06.25"]
[EventType "team-tourn"]
[EventRounds "5"]
[EventCountry "DEN"]
[WhiteTeam "Nordkalotten"]
[BlackTeam "Bronshoj"]

1. e4  d6  2. d4  Nf6  3. Nc3  g6  4. f4  Bg7  5. Nf3  O-O  6. Bd3  Na6  7. O-O  c5  8. d5  Bg4  9. h3  Bxf3  10. Rxf3  Nc7  11.
a4  a6  12. a5  Nb5  13. Ne2  Nd7  14. c3 
b6  15. h4  bxa5  16. h5  Nc7  17. Rh3  Rb8  18. Qe1  e5  19. dxe6 
Nxe6  20. hxg6  hxg6  21. Qg3  Bf6  22. Bc4  Qe7  23. f5  Ne5  24. fxe6 
Nxc4  25. Nf4  Rfe8  26. exf7+
 Qxf7  27. Nxg6  Rxe4  28. Bh6  Bg7  29. Bxg7 
Qxg7  30. Rh8+  Qxh8  31. Nxh8+
 Kxh8  32. Rf1  Ne5  33. Qh3+  Kg7  34. Qf5 
Re2  35. Qg5+   1-0

[Event "Danish Club Cup 2021"]
[Site "Koge"]
[Date "2021.06.25"]
[Round "1.5"]
[White "Thuesen, Mogens Henrik"]
[Black "Schmidt, Kristen"]
[Result "0-1"]
[WhiteElo "2208"]
[BlackElo "2300"]
[EventDate "2021.06.25"]
[EventType "team-tourn"]
[EventRounds "5"]
[EventCountry "DEN"]
[WhiteTeam "Bronshoj"]
[BlackTeam "Nordkalotten"]

1. d4  Nf6  2. c4 
g6  3. Nc3  Bg7  4. e4  d6  5. f4  O-O 
6. Nf3  c5  7. d5  a6  8. a4  e6  9. Be2  exd5
 10. cxd5  Re8  11. Nd2  Nbd7  12. O-O  b6  13. Qc2  Rb8  14. Kh1  Qc7
 15. Ra3  Bb7  16. Nc4  Red8  17. e5  dxe5  18. d6  Qc6  19. Rf2  e4  20. Rb3  Ba8  21. Bd2  Re8  22. Ne3  Bb7  23.
Nc4  Ba8  24. Ne3  Qxd6  25. Bxa6  Nf8  26. f5  N8d7  27. Nc4  Qe7  28.
Bf4  Ng4  29. Re2  gxf5  30. Bxb8  Rxb8  31. Ne3  Nxe3  32. Rxe3  Nf6  33. Qf2  Ng4  34. Qf4 
Be5  35. Qxf5  Nxe3  36. Qh3  Qg5  37. Nxe4  Qxg2+  38. Qxg2+  Nxg2   0-1

[Event "Danish Club Cup 2021"]
[Site "Koge"]
[Date "2021.06.25"]
[Round "1.6"]
[White "Ejsing, Esben"]
[Black "Andersen, Soren Mikkel"]
[Result "1-0"]
[WhiteElo "2105"]
[BlackElo "2117"]
[EventDate "2021.06.25"]
[EventType "team-tourn"]
[EventRounds "5"]
[EventCountry "DEN"]
[WhiteTeam "Nordkalotten"]
[BlackTeam "Bronshoj"]

1. c4  c6  2. Nf3  d5 
3. e3  Nf6  4. b3  Bg4  5. Bb2  Nbd7  6. h3  Bxf3  7. Qxf3  e5  8.
cxd5  cxd5  9. Bb5  Bd6  10. Nc3  e4  11. Qf5  a6  12. Bxd7+  Qxd7 
13. Qg5  Be7  14. Na4  Qe6  15. Rc1  O-O  16. Rc7  h6  17. Qe5  Qxe5  18.
Bxe5  Rac8  19. Nb6  Rxc7  20. Bxc7  Bd8  21. Bxd8  Rxd8  22. Ke2  Rd6  23. Nc8  Re6  24. Rc1  Kf8
 25. d3  Ke8  26. dxe4  Nxe4  27. f3  Nf6  28. Na7  Kd7  29. b4  Ne8
 30. Rc5  Nc7  31. a4  b6  32. Rc1  d4  33. e4
 Nd5  34. Rc4  Nc3+  35. Kd3  Nxa4  36. Kxd4  b5  37. Rc8  Nb6  38. Rf8  Re7  39. Rb8  Re6  40. Rb7+  Ke8  41. e5  g5
 42. Rb8+  Ke7  43. Rxb6  Rxb6  44. Nc8+  Ke6  45. Nxb6  Kf5  46. Nd5 
 1-0

[Event "Danish Club Cup 2021"]
[Site "Koge"]
[Date "2021.06.25"]
[Round "1.1"]
[White "Matthiesen, Arne"]
[Black "Thybo, Jesper Sondergaard"]
[Result "1/2-1/2"]
[WhiteElo "2302"]
[BlackElo "2573"]
[EventDate "2021.06.25"]
[EventType "team-tourn"]
[EventRounds "5"]
[EventCountry "DEN"]
[WhiteTeam "SK1968"]
[BlackTeam "Koge"]

1. Nf3  Nf6  2. b3  g6  3. Bb2  Bg7  4. g3  O-O  5. Bg2  d6  6. d4  e5 
7. dxe5  Nfd7  8. Qd2  Nc6  9. Nc3  Ndxe5  10. Nxe5  dxe5  11. Qxd8  Rxd8  12. Nd5  Nd4  13. Bxd4 
exd4  14. Ne7+  Kf8  15. Nxc8  c6  16. O-O  Raxc8  17. Rad1  Re8  18. Rfe1 
Re7  19. e3  Rce8  20. Kf1  dxe3  21. Rxe3  Rxe3  22. fxe3  Rxe3  23. Rd8+  Re8  24. Rxe8+  Kxe8  25.
g4  Ke7  26. Ke2  Kd6  27. Ke3  Ke5  28. Bf1 
Bh6+  29. Kf3  b5  30. a4  a6  31. Bd3  f5  32. gxf5  gxf5  33. axb5 
axb5  34. h3  Bf8  35. Ke3  Bc5+  36. Kf3  h6  37. Kg3  Bd6   1/2-1/2

[Event "Danish Club Cup 2021"]
[Site "Koge"]
[Date "2021.06.25"]
[Round "1.2"]
[White "Danielsen, Henrik"]
[Black "Thogersen, Rasmus"]
[Result "1-0"]
[WhiteElo "2516"]
[BlackElo "2300"]
[EventDate "2021.06.25"]
[EventType "team-tourn"]
[EventRounds "5"]
[EventCountry "DEN"]
[WhiteTeam "Koge"]
[BlackTeam "SK1968"]

1. e4  c5  2. d3  Nc6  3. f4  g6  4. Nf3  Bg7  5. Be2  d5  6. O-O  Bg4  7. c3  e6  8. Nbd2  Nge7  9. Qe1  O-O  10. Qh4  Bxf3  11. Nxf3  b5  12.
Bd2  c4  13. e5  cxd3  14. Bxd3  d4  15. Rfd1 
dxc3  16. Bxc3  Qb6+  17. Qf2  Qxf2+  18. Kxf2  Nd5  19. Bxb5  Nce7  20. g3 
Nxc3  21. bxc3  Rfc8  22. Rac1
 Rc5  23. a4  a6  24. Be2  Ra5  25. Rd7  Bf8
 26. Bd1  Rc8  27. Ng5  Kg7  28. Rb7  h6  29. Ne4  Nd5  30. Bb3  Rc6
 31. Kf3  Rb6  32. Bxd5  exd5  33. Rxb6  dxe4+  34. Kxe4  Rxa4+  35. c4  a5  36. Rb7  Kg8  37. g4  Ra2  38. c5   1-0

[Event "Danish Club Cup 2021"]
[Site "Koge"]
[Date "2021.06.25"]
[Round "1.3"]
[White "Matthiesen, Martin"]
[Black "Smith, Axel"]
[Result "0-1"]
[WhiteElo "2296"]
[BlackElo "2449"]
[EventDate "2021.06.25"]
[EventType "team-tourn"]
[EventRounds "5"]
[EventCountry "DEN"]
[WhiteTeam "SK1968"]
[BlackTeam "Koge"]

1. d4  d5  2. c4  c6  3. Nc3  Nf6  4. e3  a6  5. Nf3  Bf5  6. Qb3  Ra7  7. cxd5  cxd5  8. Bd2  Nc6  9. Rc1  e6  10. Ne5  Bd6  11.
Nxc6  bxc6  12. Na4  Ne4  13. Qb6  Qxb6  14. Nxb6  Nxd2  15. Kxd2  Bb4+  16. Kd1  Rc7  17. a3 
Bd6  18. Bxa6  Ke7  19. b4  Rb8  20. Nc8+  Rcxc8  21. Bxc8  Rxc8  22. Kd2  e5  23. Kc3  Ra8  24. Kb3  Bd3  25. dxe5  Bc4+  26. Rxc4  dxc4+  27. Kxc4  Bxe5  28. Kb3  Rd8  29.
Kc2  f5  30. h3  Ra8  31. Kb3  Rd8  32. Kc2 
Rd5  33. Re1  Kd6  34. e4  fxe4  35. Rxe4  Rd4  36. Re3  Kd5  37. Re2 
Re4  38. Rd2+  Kc4  39. g3  Bc3  40. Rd6  Re2+  41. Kd1  Re1+  42. Kc2 
Re2+  43. Kd1  Rxf2  44. Rxc6+
 Kd3  45. Rd6+  Bd4  46. Ke1  Rg2   0-1

[Event "Danish Club Cup 2021"]
[Site "Koge"]
[Date "2021.06.25"]
[Round "1.4"]
[White "Ahlander, Bjorn"]
[Black "Ramsdal, Jens Albert"]
[Result "1-0"]
[WhiteElo "2398"]
[BlackElo "2263"]
[EventDate "2021.06.25"]
[EventType "team-tourn"]
[EventRounds "5"]
[EventCountry "DEN"]
[WhiteTeam "Koge"]
[BlackTeam "SK1968"]

1. d4  Nf6  2. c4  e6  3. Nf3  d5  4. g3  Be7  5. Bg2  O-O  6. O-O  dxc4  7. Qc2  a6  8. a4  Bd7  9. Rd1  Nc6  10. Qxc4  Rb8  11. Nc3  Nb4  12. Ne5  Be8  13. e4  Nd7  14. Nf3  c6  15. Bf4  b5  16. Qe2  Rc8  17. d5  exd5  18.
exd5  cxd5  19. Nxd5  Nxd5  20. Rxd5  Rc5  21. Rd3  g5  22. Be3  Rc6  23. Nd4  Rg6  24. Nc6 
Rxc6  25. Bxc6  Qc8  26. Rc1  Ne5  27. Bxe8  Qxe8  28. Rd5  f6  29. axb5 
axb5  30. Bxg5  Qa8  31. Rxe5
 1-0

[Event "Danish Club Cup 2021"]
[Site "Koge"]
[Date "2021.06.25"]
[Round "1.5"]
[White "Hansen, Lars"]
[Black "Antonsen, Mikkel"]
[Result "0-1"]
[WhiteElo "2191"]
[BlackElo "2397"]
[EventDate "2021.06.25"]
[EventType "team-tourn"]
[EventRounds "5"]
[EventCountry "DEN"]
[WhiteTeam "SK1968"]
[BlackTeam "Koge"]

1. e4  e5  2. Nf3  Nc6  3. Bc4  Nf6  4. Ng5  d5  5. exd5  Na5  6. Bb5+  c6  7. dxc6  bxc6
 8. Bd3  Nd5  9. Nf3  Bd6  10. O-O  O-O  11.
Re1  f5  12. Nxe5  Qf6  13. Nc4  Nxc4  14. Bxc4  Qh4  15. Bxd5+  cxd5  16. g3  Qh3  17. f4  d4
 18. Qf3  Bb7  19. Qxb7  Rae8  20. Qd5+  Kh8  21. Re6  Bxf4  22. gxf4  Qg4+  23. Kf2  Qxf4+  24. Kg2
 Qg4+  25. Kf2  Qh3  26. Qe5  Rxe6  27. Qxe6  Qxh2+  28. Kf1  Qh1+  29. Kf2
 Qxc1  30. Qe7  Rg8  31. a4  Qxb2  32. Qa3 
Qxc2  33. Qa2  Qe4  34. Na3  Re8  35. Rf1  Qe2+  36. Kg1  Qg4+  37. Kh1 
Qh3+  38. Kg1  Qg3+  39. Kh1  Re2   0-1

[Event "Danish Club Cup 2021"]
[Site "Koge"]
[Date "2021.06.25"]
[Round "1.6"]
[White "Pedersen, Henrik Dahl"]
[Black "Hardlei, Johan"]
[Result "1-0"]
[WhiteElo "2235"]
[BlackElo "2098"]
[EventDate "2021.06.25"]
[EventType "team-tourn"]
[EventRounds "5"]
[EventCountry "DEN"]
[WhiteTeam "Koge"]
[BlackTeam "SK1968"]

1. e4  d5  2. exd5  Qxd5  3. Nc3  Qd6  4. Bc4  Nf6  5.
Nf3  Bg4  6. h3  Bh5  7. d4  Nbd7  8. O-O  c6
 9. Qd3  e6  10. Ne2  Qc7  11. Nf4  Bg6  12.
Nxg6  hxg6  13. Bxe6  fxe6  14. Qxg6+  Kd8  15. Ng5  Kc8  16. Nxe6  Qd6  17. Bf4  Qd5  18. Rfe1 
Bd6  19. c4   1-0

[Event "Danish Club Cup 2021"]
[Site "Koge"]
[Date "2021.06.25"]
[Round "1.1"]
[White "Marchena Hurtado, Javier"]
[Black "Hansen, Sune Berg"]
[Result "0-1"]
[WhiteElo "2364"]
[BlackElo "2533"]
[EventType "team-tourn"]
[EventRounds "5"]
[EventCountry "DEN"]
[WhiteTeam "Obro"]
[BlackTeam "Hillerod"]

1. e4  e5  2. Nf3  Nc6  3. Bc4  Nf6  4. d3  Bc5  5. O-O  d6  6. c3  a6  7. Bb3  Ba7  8. Nbd2  h6  9. Re1  Nh5  10. Nf1  Qf6  11. Be3  Nf4  12. Bxf4  Qxf4 
13. Ne3  Ne7  14. d4  O-O  15. Qd2  Qf6  16. Rad1  Ng6  17. Nd5  Qd8  18. h3  Kh7  19. Ne3  Qf6
 20. Nd5  Qd8  21. Ne3  Nh4  22. dxe5  Nxf3+  23. gxf3  Bxh3  24. exd6  Qg5+  25. Ng4  Qh4  26.
Ne3  Rae8  27. Nf5  Bxf5  28. exf5  Qg3+  29. Kf1  Qh2  30. Re4  Rxe4  31. fxe4  Qh1+  32. Ke2 
Qxe4+  33. Kf1  Qh1+  34. Ke2  Re8+  35. Be6  Qe4+  36. Kf1  fxe6  37. d7 
Rd8  38. fxe6  Qxe6  39. Qd3+  Qg6  40. Qf3  Bc5  41. Rd2  Bd6   0-1

[Event "Danish Club Cup 2021"]
[Site "Koge"]
[Date "2021.06.25"]
[Round "1.3"]
[White "Hansen, Soren Bech"]
[Black "Borge, Nikolaj"]
[Result "1-0"]
[WhiteElo "2274"]
[BlackElo "2365"]
[EventType "team-tourn"]
[EventRounds "5"]
[EventCountry "DEN"]
[WhiteTeam "Obro"]
[BlackTeam "Hillerod"]

1. e4  c5  2. Nf3  Nc6  3. Bb5  Na5  4. O-O  a6  5. Be2  d6  6. d4  cxd4  7. Nxd4  Nf6  8. Nc3  b5  9. b4  Nb7  10. a4  bxa4  11. Rxa4  e5  12. Nb3  Bd7  13. b5  a5  14. Bg5  Be7  15. Bxf6  Bxf6  16. Bc4  Rc8  17. Qd3  O-O  18. Bd5  Rxc3  19. Qxc3 
Bxb5  20. Raa1  Bxf1  21. Kxf1
 Qb8  22. Qc4  Nc5  23. Nxc5  dxc5  24. Rxa5 
Qb1+  25. Ke2  Qh1  26. g3  Qxh2  27. Bxf7+  Kh8  28. Rxc5  Qh3  29. Be6 
Qg2  30. Bf5  g6  31. Rc8  Rxc8  32. Qxc8+  Kg7  33. Qb7+  Kh6  34. Bg4 
Qh1  35. Qd5  Qa1  36. Qd6  Bg7  37. Qd2+  1-0

[Event "Danish Club Cup 2021"]
[Site "Koge"]
[Date "2021.06.25"]
[Round "1.4"]
[White "Ostergaard, Jens"]
[Black "Simonsen, Carsten"]
[Result "1-0"]
[WhiteElo "2226"]
[BlackElo "2236"]
[EventType "team-tourn"]
[EventRounds "5"]
[EventCountry "DEN"]
[WhiteTeam "Hillerod"]
[BlackTeam "Obro"]

1. d4
 d5  2. Nf3  e6  3. c4  Nf6  4. Nc3  Be7  5. Bg5  h6  6. Bxf6  Bxf6  7. e3  O-O  8.
Rc1  c6  9. Bd3  Nd7  10. O-O  dxc4  11. Bxc4  e5  12. h3  exd4  13. exd4  Nb6  14. Bb3  Re8  15. Re1  Bf5  16. Rxe8+ 
Qxe8  17. Qd2  Qd7  18. Re1  Rd8  19. Qf4  Bd3  20. Rd1  Qf5  21. Qc7  Rd7
 22. Qb8+  Kh7  23. Qxa7  Nc4  24. Bxc4  Bxc4  25. Re1  Qc2  26. Qc5 
Bd3  27. Re3  Bg6  28. h4  Qxb2  29. h5  Bc2  30. Kh2  Bd8  31. Re2  b6
 32. Qxc6  Rc7  33. Qd5  Qxc3  34. Qxd8  Rc8  35. Qxb6  Bf5  36. Qb7 
Qc4  37. Re5  Be6  38. a4  Rd8  39. Qb5  Qc1  40. Qd3+  Kg8  41. Qe3 
Qc7  42. g3  Qd7  43. a5  Bd5  44. Nh4  Be6  45. a6  Qxd4  46. Qxd4 
Rxd4  47. Ra5  Rd8  48. Nf3  Bd5  49. Nd4  Ba8  50. Ra4  g6  51. hxg6 
fxg6  52. g4  Kf7  53. a7  Kf6  54. Nb5  Kg5  55. Nc7  Rc8  56. Nxa8 
Rxa8  57. Kg3  Kf6  58. Kf4  h5  59. Ra6+  Kg7  60. gxh5  gxh5  61. Kg5 
Kf7  62. Kxh5  Ke7  63. Kg6   1-0

[Event "Danish Club Cup 2021"]
[Site "Koge"]
[Date "2021.06.25"]
[Round "1.5"]
[White "Jorgensen, Brian Jorgen"]
[Black "Jaksland, Tim"]
[Result "1-0"]
[WhiteElo "2224"]
[BlackElo "2218"]
[EventType "team-tourn"]
[EventRounds "5"]
[EventCountry "DEN"]
[WhiteTeam "Obro"]
[BlackTeam "Hillerod"]

1. d4  Nf6  2. c4  e6
 3. Nc3  Bb4  4. f3  c5  5. d5  b5  6. e4  bxc4  7. Bxc4  O-O  8. Nge2  Nxd5  9. Bxd5 
exd5  10. Qxd5  Nc6  11. Be3  Ba6  12. Bxc5  Re8  13. Be3  Rb8  14. O-O-O 
Ne5  15. Bxa7  Rc8  16. Kb1  Qc7  17. Bd4  Bxe2  18. Nxe2  Qc2+  19. Ka1 
Qxe2  20. Bxe5  Rc5  21. Qb3  Rec8  22. Bd6  Rc2  23. Kb1  Bd2  24. a3  Qxg2
 25. Rhg1  Qe2  26. Be5  g6  27. Bf6  d6  28. h4  Bh6  29. h5  Kf8  30. hxg6  hxg6  31. Rxd6  Bg7  32. e5  Bxf6  33. exf6  Rd2   1-0

[Event "Danish Club Cup 2021"]
[Site "Koge"]
[Date "2021.06.25"]
[Round "1.6"]
[White "Nordenbaek, Jan"]
[Black "Skou, Niels"]
[Result "1/2-1/2"]
[WhiteElo "2201"]
[BlackElo "2039"]
[EventType "team-tourn"]
[EventRounds "5"]
[EventCountry "DEN"]
[WhiteTeam "Hillerod"]
[BlackTeam "Obro"]

1. e4 e5 2. Nf3 Nc6 3. Bb5 a6
4. Ba4 d6 5. c3 Bd7 6. O-O g6 7. d4 Bg7 8. dxe5 Nxe5 9. Nxe5 Bxe5 10. Bb3 Qe7
11. Nd2 Bg7 12. Re1 O-O-O 13. Nf1 Nf6 14. Bg5 h6 15. Bh4 g5 16. Bg3 Rhe8 17. e5
dxe5 18. Rxe5 Qf8 19. Qd4 Bc6 20. Qa7 Rxe5 21. Bxe5 Nd7 22. Bd4 Bxd4 23. Qxd4
Nc5 24. Qf6 Nxb3 25. axb3 Rd6 26. Qf5+ Kb8 27. Re1 f6 28. Qh7 Rd7 29. Qg6 Rd6
30. Qh7 f5 31. Ne3 Re6 32. Nc2 Rxe1+ 33. Nxe1 Qe8 34. Kf1 Qe6 35. Qh8+ Ka7 36.
Qd4+ b6 37. c4 Kb7 38. h3 f4 39. f3  1/2-1/2

[Event "Danish Club Cup 2021"]
[Site "Koge"]
[Date "2021.06.26"]
[Round "2.1"]
[White "Thybo, Jesper Sondergaard"]
[Black "Hector, Jonny"]
[Result "1-0"]
[WhiteElo "2573"]
[BlackElo "2485"]
[EventDate "2021.06.25"]
[EventType "team-tourn"]
[EventRounds "5"]
[EventCountry "DEN"]
[WhiteTeam "Koge"]
[BlackTeam "Nordkalotten"]

1. d4  Nc6  2. Nf3  d5  3. c4  Bg4 
4. Nc3  e6  5. Bg5  Be7  6. cxd5  exd5  7. Bxe7  Ngxe7  8. e3  O-O  9. h3  Bxf3  10. Qxf3  f5
 11. g3  Qd7  12. Bg2  Nb4  13. O-O  c6  14.
Rab1  Rae8  15. a3  Na6  16. b4  Nc7  17. a4  Ne6  18. b5  f4  19.
gxf4  g5  20. Qg4  h5  21. Qxh5  gxf4  22. bxc6  bxc6  23. Qg4+  Kh8  24.
Kh1  Rf7  25. Qh5+  Kg8  26. Rg1  Ng7  27. Bf1  fxe3  28. fxe3  Nef5 
29. Bd3  Kf8  30. Qh8+  Ke7  31. Qh7  Kd6  32. e4  dxe4  33. Nxe4+  Kd5 
34. Qg6  Kxd4  35. Rgd1  Qe6  36. Qg1+  Ke5  37. Qh2+  Kd5  38. Bc2+  Nd4  39. Rxd4+  Kxd4  40. Rd1+ 
Kc4  41. Qe2+  Kb4  42. Qd2+   1-0

[Event "Danish Club Cup 2021"]
[Site "Koge"]
[Date "2021.06.26"]
[Round "2.2"]
[White "Brynell, Stellan"]
[Black "Rozentalis, Eduardas"]
[Result "1/2-1/2"]
[WhiteElo "2419"]
[BlackElo "2526"]
[EventDate "2021.06.25"]
[EventType "team-tourn"]
[EventRounds "5"]
[EventCountry "DEN"]
[WhiteTeam "Nordkalotten"]
[BlackTeam "Koge"]

1. d4 
Nf6  2. Nf3  e6  3. c4  b6  4. g3  Bb7 
5. Bg2  Be7  6. O-O  O-O  7. Nc3  Ne4  8. Bd2  Bf6  9. Ne5  Nxc3  10.
Bxc3  Bxg2  11. Kxg2  d5  12. Ng4  Be7  13. Qa4  c6  14. Rac1  dxc4  15.
Qxc4  b5  16. Qb3  a5  17. Rfd1  Nd7  18. Bd2 
Qb6  19. Qf3  Rac8  20. Bf4  Rfd8  21. h4  Nf6  22. Bg5  Rxd4  23. Nxf6+ 
Bxf6  24. Bxf6  gxf6  25. Qxf6
 Rcd8  26. Qg5+  Kf8  27. Qh6+  Kg8  28. Qg5+  Kf8  29. Rxd4  Rxd4  30. Qh6+
 Kg8  31. Qg5+  Kf8  32. Qh6+   1/2-1/2

[Event "Danish Club Cup 2021"]
[Site "Koge"]
[Date "2021.06.26"]
[Round "2.3"]
[White "Danielsen, Henrik"]
[Black "Hove, Esben Kjems"]
[Result "1-0"]
[WhiteElo "2516"]
[BlackElo "2319"]
[EventDate "2021.06.25"]
[EventType "team-tourn"]
[EventRounds "5"]
[EventCountry "DEN"]
[WhiteTeam "Koge"]
[BlackTeam "Nordkalotten"]

1. e4  c6 
2. d4  d5  3. exd5  cxd5  4. Bf4  Nf6  5. c3  Nc6  6. Bd3  Bg4  7. Qb3  Na5  8. Qa4+  Bd7  9. Qc2  e6  10. Nd2  Rc8  11. Ngf3  Be7  12. O-O  O-O  13. Rae1  Qe8  14. Ne5  Bb5  15. Re3 
Bxd3  16. Qxd3  Nh5  17. Rf3  f6  18. Ng4  f5  19. Ne3  g5  20. Be5  Nc6  21. Nc2  Nxe5  22. dxe5  Bc5  23. h3  Nf4  24. Rxf4  gxf4  25. Qf3 
Qa4  26. Ne1  Rf7  27. Nd3  Bf8  28. Nb3  Qe4  29. Qd1  Rg7  30. f3  Qc4
 31. Kh2  Re7  32. a3  Qa4  33. Ndc1  Rc6  34.
Qd2  Rb6  35. Nd4  Qe8  36. Nd3  Bh6  37. Kh1  a5  38. Qf2  Ra6  39.
Qh4  Bg7  40. Re1  b5  41. Nxf4  Rf7  42. Nd3 
Rb6  43. Nb3  Ra6  44. Qf2  Bf8  45. Nd4  b4  46. axb4  axb4  47. Nxb4 
Bxb4  48. cxb4  Rc7  49. b5  Ra4  50. b3  Ra8  51. Rg1  Rg7  52. Rc1  Qg6
 53. f4  Qe8  54. Rc6  Rg6  55. b6  Rb8  56.
Qc2   1-0

[Event "Danish Club Cup 2021"]
[Site "Koge"]
[Date "2021.06.26"]
[Round "2.4"]
[White "Sylvan, Jacob"]
[Black "Smith, Axel"]
[Result "1/2-1/2"]
[WhiteElo "2313"]
[BlackElo "2449"]
[EventDate "2021.06.25"]
[EventType "team-tourn"]
[EventRounds "5"]
[EventCountry "DEN"]
[WhiteTeam "Nordkalotten"]
[BlackTeam "Koge"]

1. d4 
Nf6  2. c4  c6  3. Nc3  d5  4. e3  g6 
5. Nf3  Bg7  6. Be2  O-O  7. O-O  Re8  8. Bd2  Ne4  9. cxd5  Nxd2  10.
Nxd2  cxd5  11. Qb3  e6  12. Rac1  Nc6  13. Na4  e5  14. dxe5  Rxe5  15. Nf3  Re4  16. Qd1  Re7
 17. Nc3  Be6  18. Qa4  Qb6  19. Qa3  Rd8  20. Rfd1  Bf8  21. Nd4 
Nxd4  22. exd4  Rc7  23. Qb3  Qxb3  24. axb3  Rc6  25. Ra1  Rb6  26. Rxa7 
Rxb3  27. Rd2  Bb4  28. Bd1  Bxc3  29. bxc3  Rb1  30. Kf1  Rc8  31. Ra3 
Rc1  32. Ke2  R1xc3  33. Rxc3  Rxc3  34. Rb2  Rc7  35. Rb5  g5  36. Bb3  Rd7
 37. f4  gxf4  38. Kf3  Kg7  39. Kxf4  Kf6  40. g4  h6  41. h4  Kg6  42. g5  hxg5+  43. hxg5  Kg7  44. Ke5  Re7  45. Kd6  Rd7+  46. Ke5 
Kg6  47. Kf4  Kg7  48. Ke5  Kg6  49. Kf4  Kg7  50. Ke5  Kf8  51. Kf6  Rd6
 52. Ke5  Rd7  53. Kf6  Rd6  54. Ke5   1/2-1/2

[Event "Danish Club Cup 2021"]
[Site "Koge"]
[Date "2021.06.26"]
[Round "2.5"]
[White "Ahlander, Bjorn"]
[Black "Schmidt, Kristen"]
[Result "1/2-1/2"]
[WhiteElo "2398"]
[BlackElo "2300"]
[EventDate "2021.06.25"]
[EventType "team-tourn"]
[EventRounds "5"]
[EventCountry "DEN"]
[WhiteTeam "Koge"]
[BlackTeam "Nordkalotten"]

1. d4  Nf6  2. c4  g6  3. Nc3  Bg7  4. e4  d6  5. Be2  O-O  6. Nf3  e5  7. O-O  Nc6  8. Be3  exd4  9. Nxd4
 Re8  10. f3  Nh5  11. f4  Nf6  12. Bf3  Bd7
 13. Kh1  Nxd4  14. Bxd4  c5  15. Bf2  Bc6  16. Re1  Qb6  17. Re2 
Rad8  18. Qd3  a6  19. Rd1  Rd7  20. Rb1  Qa5  21. Be1  Qd8  22. a3  b5  23. b3  Qa8  24. a4  Rde7  25. Bh4  bxc4 
26. bxc4  Nxe4  27. Nd5  Bxd5  28. cxd5  Bf6  29. Be1  c4  30. Qxc4  Nc5  31. Rxe7  Rxe7  32. Bf2 
Rb7  33. Re1  Rc7  34. g3  Qb7  35. Bxc5  Rxc5  36. Qe4  a5  37. Rb1 
Qc8  38. Be2  Rc1+  39. Rxc1  Qxc1+  40. Kg2  Kg7  41. h4  Qd2  42. h5 
Qd4  43. Qxd4  Bxd4  44. hxg6  hxg6  45. Kf3  f5  46. g4  fxg4+  47. Kxg4 
Kf6  48. Bb5  Bc5  49. Bd3  Bb4  50. Be4  Bc5  51. Bd3  Bb4  52. Be4  Bc5
 53. Bd3  Bb4   1/2-1/2

[Event "Danish Club Cup 2021"]
[Site "Koge"]
[Date "2021.06.26"]
[Round "2.1"]
[White "Hansen, Sune Berg"]
[Black "Bank, Pelle Rodkjaer"]
[Result "1/2-1/2"]
[WhiteElo "2533"]
[BlackElo "2302"]
[EventDate "2021.06.25"]
[EventType "team-tourn"]
[EventRounds "5"]
[EventCountry "DEN"]
[WhiteTeam "Hillerod"]
[BlackTeam "SK1968"]

1. e4 
Nc6  2. Nf3  d6  3. d4  Nf6  4. c3  e5 
5. Bd3  d5  6. dxe5  dxe4  7. exf6  Qxd3  8. Qxd3  exd3  9. fxg7  Bxg7  10. O-O  Bf5  11. Re1+ 
Kd7  12. Be3  h6  13. Nbd2  Rad8  14. Nb3  Bg6  15. Rad1  Kc8  16. h3  Rd5
 17. Bf4  a5  18. a4  Rhd8  19. Nbd2  b6  20.
Re3  Kb7  21. Kf1  Rf5  22. g3  Rfd5  23. Kg2  Kc8  24. Rde1  Kb7  25.
g4  Kc8  26. Bg3  Kb7  27. Nh4  Bh7  28. Kh2 
h5  29. Bf4  hxg4  30. hxg4  Bf6  31. Ng2  Rg8  32. f3  Nd8  33. Be5 
Bxe5+  34. Rxe5  Rxe5  35. Rxe5
 Ne6  36. Kg3  Nc5  37. b3  f5  38. Re7  Bg6  39. Ne3  Kc6  40. Nec4  fxg4  41. fxg4  Bh5  42. Ne3  Kd6  43. Nf5+ 
Kc6  44. Nh6  Re8  45. Nf5  Rg8  46. Nh6  Re8  47. Nf5  Rg8  48. Nh6 
 1/2-1/2